|
|
|
|
| LEADER |
01108nam a2200277 a 4500 |
| 001 |
688932 |
| 008 |
100120s1996 dcua b i000 0 eng d |
| 010 |
|
|
|a \\\96006828
|
| 020 |
|
|
|a 0821335944
|
| 040 |
|
|
|a DLC
|c DLC
|d DLC
|d BD-DhAAL
|
| 082 |
0 |
0 |
|a 332.1/095492
|2 20
|
| 100 |
1 |
|
|a Pitt, Mark Martin,
|d 1949-
|
| 245 |
1 |
0 |
|a Household and intrahousehold impact of the Grameen Bank and similar targeted credit programs in Bangladesh /
|c Mark M. Pitt, Shahidur R. Khandker.
|
| 260 |
|
|
|a Washington, D.C. :
|b World Bank,
|c 1996.
|
| 300 |
|
|
|a vii, 109 p. :
|b ill. ;
|c 27 cm.
|
| 490 |
0 |
|
|a World Bank discussion papers ;
|v 320
|
| 504 |
|
|
|a Includes bibliographical references (p. 107-109).
|
| 541 |
1 |
|
|e 00007136
|
| 610 |
2 |
0 |
|a Grameen Bank.
|
| 650 |
|
0 |
|a Rural credit
|z Bangladesh.
|
| 650 |
|
0 |
|a Bank loans
|z Bangladesh.
|
| 650 |
|
0 |
|a Rural poor
|z Bangladesh.
|
| 710 |
1 |
|
|a Khandker, Shahidur R.
|
| 852 |
4 |
|
|a Ayesha Abed Library
|j General shelf
|
| 999 |
|
|
|c 7064
|d 7064
|
| 952 |
|
|
|0 0
|1 0
|2 ddc
|4 0
|6 332_109549200000000_PIT_1996
|7 0
|9 7336
|a BRACUL
|b BRACUL
|c GEN
|d 2010-01-21
|l 0
|o 332.1095492 PIT
|p 3010007136
|r 2010-01-21
|t 1
|w 2010-01-21
|y BK
|